00448nam a2200169Ia 450000500170000000800410001702000180005804000190007604100120009508200130010710000160012024500540013626000420019030000160023265000200024885000100026820240509114134.0131103s9999 xx 000 0 und d a0 19 432542 3 aLoreto College aEnglish a428bHIL aHill, L. A. aIntermediate stories for reproductioncL. A. Hill aLondonbOxford University pressc1965 a61p.b ill. aEnglish readers aLCBED